| 000 | 00731nas a2200241 i 4500 | ||
|---|---|---|---|
| 001 | 1939 | ||
| 003 | ES-MaACL | ||
| 005 | 20250714200830.0 | ||
| 008 | 950801d19131920sp m| | 1 ||pa d | ||
| 022 | _a9956-8373 | ||
| 080 | _a015(460) | ||
| 080 | _a015(8) | ||
| 245 | 0 | 0 |
_aRevista de libros _b: boletín mensual de bibliografía española e hispano-americana / _cdir. Luis Bello. |
| 260 |
_aMadrid : _b[Imp. Vicente Rico], _c1913-1920. |
||
| 300 |
_a2 v. ; _c23 cm. |
||
| 310 | _aMensual | ||
| 362 | 0 | _aN. 1 (jun. 1913)- [ca. 1920] | |
| 650 | 4 |
_aLibros españoles- _vBibliografías. _9137474 |
|
| 700 | 1 |
_aBello, Luis, _d1872-1935 _927236 |
|
| 852 |
_aES-MaACL _jHem-689 |
||
| 866 | 0 | _o1913-14. | |
| 999 |
_c1939 _d1939 |
||